000 00352nam a2200133Ia 4500
008 151001s9999||||xx |||||||||||||| ||und||
100 _aवि वा भिडे
245 _aचिमुकले रामायण
250 _a9
260 _bचित्रशाळा प्रकाशन
260 _c1936
300 _a48
365 _b7
999 _c952660
_d952657